Design of steel structures (Record no. 546768)
[ view plain ]
| 000 -LEADER | |
|---|---|
| fixed length control field | 00825cam a22002531 4500 |
| 082 00 - DEWEY DECIMAL CLASSIFICATION NUMBER | |
| Classification number | 624.1821 |
| Author Mark | BRE |
| 100 1# - MAIN ENTRY--PERSONAL NAME | |
| Personal name | Bresler, Boris. |
| 9 (RLIN) | 42963 |
| 245 10 - TITLE STATEMENT | |
| Title | Design of steel structures |
| Statement of responsibility, etc. | [by] Boris Bresler, T. Y. Lin [and] John B. Scalzi. |
| 250 ## - EDITION STATEMENT | |
| Edition statement | 2d ed. |
| 260 ## - PUBLICATION, DISTRIBUTION, ETC. | |
| Place of publication, distribution, etc. | New York, |
| Name of publisher, distributor, etc. | Wiley |
| Date of publication, distribution, etc. | [1968] |
| 300 ## - PHYSICAL DESCRIPTION | |
| Extent | xvii, 830 p. |
| Other physical details | illus. |
| Dimensions | 23 cm. |
| 526 ## - STUDY PROGRAM INFORMATION NOTE | |
| Program name | 0 |
| Interest level | 0 |
| Reading level | 0 |
| Title point value | 624_182100000000000_BRE |
| 526 ## - STUDY PROGRAM INFORMATION NOTE | |
| Program name | 0 |
| Interest level | 0 |
| Reading level | 0 |
| Title point value | 624_182100000000000_BRE |
| 526 ## - STUDY PROGRAM INFORMATION NOTE | |
| Program name | 0 |
| Interest level | 0 |
| Reading level | 0 |
| Title point value | 624_182100000000000_BRE |
| 526 ## - STUDY PROGRAM INFORMATION NOTE | |
| Program name | 0 |
| Interest level | 0 |
| Reading level | 0 |
| Title point value | 624_182100000000000_BRE |
| 526 ## - STUDY PROGRAM INFORMATION NOTE | |
| Program name | 0 |
| Interest level | 0 |
| Reading level | 0 |
| Title point value | 624_182100000000000_BRE |
| 526 ## - STUDY PROGRAM INFORMATION NOTE | |
| Program name | 0 |
| Interest level | 0 |
| Reading level | 0 |
| Title point value | 624_182100000000000_BRE |
| 650 #0 - SUBJECT ADDED ENTRY--TOPICAL TERM | |
| Topical term or geographic name entry element | Building, Iron and steel. |
| 650 #0 - SUBJECT ADDED ENTRY--TOPICAL TERM | |
| Topical term or geographic name entry element | MCE |
| 9 (RLIN) | 379 |
| 650 #0 - SUBJECT ADDED ENTRY--TOPICAL TERM | |
| Topical term or geographic name entry element | Steel, Structural. |
| 700 1# - ADDED ENTRY--PERSONAL NAME | |
| Personal name | Lin, T. Y. |
| 9 (RLIN) | 42964 |
| 700 1# - ADDED ENTRY--PERSONAL NAME | |
| Personal name | Scalzi, John B., |
| 9 (RLIN) | 42965 |
| 942 ## - ADDED ENTRY ELEMENTS (KOHA) | |
| Source of classification or shelving scheme | |
| Koha item type | Book |
| Withdrawn status | Lost status | Source of classification or shelving scheme | Damaged status | Not for loan | Permanent Location | Current Location | Date acquired | Total Checkouts | Full call number | Barcode | Date last seen | Price effective from | Koha item type |
|---|---|---|---|---|---|---|---|---|---|---|---|---|---|
| Military College of Engineering (MCE) | Military College of Engineering (MCE) | 06/18/2014 | 624.1821 BRE | MCE-8968 | 06/18/2014 | 06/18/2014 | Book | ||||||
| Military College of Engineering (MCE) | Military College of Engineering (MCE) | 11/18/2015 | 624.1821 BRE | MCE-8979 | 11/18/2015 | 11/18/2015 | Book | ||||||
| Military College of Engineering (MCE) | Military College of Engineering (MCE) | 11/18/2015 | 624.1821 BRE | MCE-8977 | 11/18/2015 | 11/18/2015 | Book | ||||||
| Military College of Engineering (MCE) | Military College of Engineering (MCE) | 11/18/2015 | 624.1821 BRE | MCE-8962 | 11/18/2015 | 11/18/2015 | Book | ||||||
| Military College of Engineering (MCE) | Military College of Engineering (MCE) | 11/18/2015 | 624.1821 BRE | MCE-8972 | 11/18/2015 | 11/18/2015 | Book | ||||||
| Military College of Engineering (MCE) | Military College of Engineering (MCE) | 11/18/2015 | 624.1821 BRE | MCE-8965 | 11/18/2015 | 11/18/2015 | Book |
